[Event "HUN-chT2 Szechenyi 1011"]
[Site "Hungary"]
[Date "2010.09.26"]
[Round "2.5"]
[White "Lejer, Sandor"]
[Black "Gombos, Bettina"]
[Result "1/2-1/2"]
[WhiteElo "2000"]
[BlackElo "1913"]
[PlyCount "93"]
[EventDate "2010.09.12"]
[EventType "team-tourn"]
[EventRounds "11"]
[EventCountry "HUN"]
[SourceTitle "EXT 2012"]
[Source "ChessBase"]
[SourceDate "2011.11.24"]
[SourceVersion "1"]
[SourceVersionDate "2011.11.24"]
[SourceQuality "1"]
[WhiteTeam "Lovo"]
[BlackTeam "Sarvar"]
[WhiteTeamCountry "HUN"]
[BlackTeamCountry "HUN"]

1. Nf3 Nf6 2. d4 e6 3. e3 b6 4. Be2 Bb7 5. b3 Be7 6. 0-0 d6 7. Nbd2 0-0 8. Bb2 Nbd7 9. Rc1 Re8 10. c4 Bf8 11. Qc2 c5 12. Bd3 g6 13. Rfd1 Rc8 14. h3 d5 15. Ne5 cxd4 16. exd4 Nxe5 17. dxe5 Nd7 18. Nf1 Qg5 19. Qd2 Qxd2 20. Nxd2 Bh6 21. g3 Nc5 22. Bf1 dxc4 23. Rxc4 Bd5 24. Rh4 Bf8 25. Bc4 Red8 26. Rd4 Bc6 27. Ne4 Rxd4 28. Nf6+ Kg7 29. Rxd4 Be7 30. Kf1 Rd8 31. Ng4 Ne4 32. Rxd8 Bxd8 33. Bd3 Nc5 34. Bc2 Be7 35. Ke2 Na6 36. a3 Nc7 37. b4 Nd5 38. Bd3 b5 39. h4 Bd8 40. Ne3 a6 41. Nxd5 Bxd5 42. Ke3 Kf8 43. Bd4 Ke8 44. Bc5 Kd7 45. Kd4 Kc6 46. Bc2 a5 47. Bd3 1/2-1/2

[Event "HUN-chT2 Szechenyi 0910"]
[Site "Hungary"]
[Date "2009.05.02"]
[Round "11.7"]
[White "Nagy, Tibor"]
[Black "Lejer, Sandor"]
[Result "0-1"]
[WhiteElo "1843"]
[BlackElo "1999"]
[PlyCount "140"]
[EventDate "2009.11.08"]
[EventType "team-tourn"]
[EventRounds "11"]
[EventCountry "HUN"]
[SourceTitle "EXT 2011"]
[Source "ChessBase"]
[SourceDate "2010.11.26"]
[SourceVersion "1"]
[SourceVersionDate "2010.11.26"]
[SourceQuality "1"]
[WhiteTeam "FKMK"]
[BlackTeam "Lovo"]
[WhiteTeamCountry "HUN"]
[BlackTeamCountry "HUN"]

1. e4 d6 2. Nf3 Nf6 3. e5 dxe5 4. Nxe5 e6 5. d4 Be7 6. Bb5+ c6 7. Ba4 b5 8. Bb3 c5 9. c3 cxd4 10. cxd4 Bb4+ 11. Nc3 Bb7 12. 0-0 a6 13. a4 0-0 14. axb5 Bxc3 15. bxc3 axb5 16. Bg5 h6 17. Bh4 g5 18. Bg3 Nbd7 19. f4 Rxa1 20. Qxa1 Nxe5 21. fxg5 Nfg4 22. dxe5 Qb6+ 23. Kh1 hxg5 24. Qe1 Qe3 25. h3 Qxe1 26. Rxe1 Rc8 27. Bxe6 fxe6 28. hxg4 Rxc3 29. Bf2 Rc4 30. Rd1 Bd5 31. Rd4 Rc2 32. Kg1 Rc1+ 33. Kh2 Rb1 34. Rd2 b4 35. Bd4 Re1 36. Rb2 b3 37. Rd2 Rf1 38. Bb2 Kf7 39. Kg3 Ke7 40. Bd4 Re1 41. Bc5+ Kd7 42. Bd4 Kc6 43. Kf2 Re4 44. Kg3 Kb5 45. Bb2 Kc4 46. Kh3 Re3+ 47. Kh2 Rd3 48. Rf2 Rc3 49. Ba3 Rc2 50. Rxc2+ bxc2 51. Bc1 Kd4 52. Bb2+ Ke3 53. Bc1+ Ke4 54. Bb2 Kf4 55. Kh3 Bc4 56. g3+ Kf3 57. Kh2 Bd3 58. Bc1 Kxg4 59. Kg2 Kf5 60. Bb2 Ke4 61. Kf2 g4 62. Kg2 Ke3 63. Bc1+ Ke2 64. Bf4 Kd1 65. Kf2 c1Q 66. Bxc1 Kxc1 67. Ke3 Bf5 68. Kf4 Kd2 69. Kg5 Ke3 70. Kh4 Ke4 0-1

[Event "HUN-chT2 Szechenyi 0809"]
[Site "Hungary"]
[Date "2009.03.08"]
[Round "9.9"]
[White "Lejer, Sandor"]
[Black "Gabor, Attila"]
[Result "1-0"]
[WhiteElo "2011"]
[BlackElo "1918"]
[PlyCount "62"]
[EventDate "2008.10.26"]
[EventType "team-tourn"]
[EventRounds "11"]
[EventCountry "HUN"]
[SourceTitle "EXT 2010"]
[Source "ChessBase"]
[SourceDate "2010.11.25"]
[SourceVersion "1"]
[SourceVersionDate "2010.11.25"]
[SourceQuality "1"]
[WhiteTeam "Veszprem"]
[BlackTeam "Arboretum"]
[WhiteTeamCountry "HUN"]
[BlackTeamCountry "HUN"]

1. Nf3 d5 2. d4 Nc6 3. e3 Nf6 4. Be2 g6 5. c4 e6 6. 0-0 Bg7 7. b3 0-0 8. Bb2 b6 9. Nbd2 Bb7 10. Rc1 Ne7 11. Qc2 Rc8 12. Ne5 Nd7 13. Ndf3 f6 14. Nd3 c5 15. Nf4 Kf7 16. dxc5 bxc5 17. Rfd1 Nb6 18. Qc3 e5 19. Nxd5 Nexd5 20. cxd5 Qd6 21. a4 Rfd8 22. a5 Nd7 23. Bc4 h6 24. e4 h5 25. Nh4 Bh6 26. Qg3 Rg8 27. Rc3 Bf4 28. Qh3 Rcd8 29. Qe6+ Qxe6 30. dxe6+ Ke7 31. exd7 Bxe4 1-0

[Event "Veszprem Hemo op"]
[Site "Veszprem"]
[Date "2008.08.19"]
[Round "6"]
[White "Lejer, Sandor"]
[Black "Jonas, Zsolt"]
[Result "0-1"]
[WhiteElo "2013"]
[BlackElo "2174"]
[PlyCount "50"]
[EventDate "2008.08.16"]
[EventType "swiss"]
[EventRounds "7"]
[EventCountry "HUN"]
[SourceTitle "EXT 2011"]
[Source "ChessBase"]
[SourceDate "2010.11.26"]
[SourceVersion "1"]
[SourceVersionDate "2010.11.26"]
[SourceQuality "1"]

1. Nf3 c5 2. b3 e6 3. Bb2 d5 4. e3 Nf6 5. Be2 Nc6 6. d4 Be7 7. 0-0 0-0 8. Nbd2 b6 9. c4 Bb7 10. dxc5 Bxc5 11. cxd5 Nxd5 12. Rc1 Qe7 13. Bb5 Rac8 14. Bxc6 Bxc6 15. Ne5 Bb7 16. Qg4 f5 17. Qa4 Nxe3 18. Rxc5 Qg5 19. g3 Rxc5 20. Ndf3 Qh6 21. fxe3 Qxe3+ 22. Rf2 Rd8 23. Bd4 Rc1+ 24. Kg2 Qxd4 25. Rd2 Qxd2+ 0-1

[Event "Veszprem Hemo op"]
[Site "Veszprem"]
[Date "2008.08.17"]
[Round "2"]
[White "Forgacs, Attila"]
[Black "Lejer, Sandor"]
[Result "1/2-1/2"]
[WhiteElo "2197"]
[BlackElo "2013"]
[PlyCount "69"]
[EventDate "2008.08.16"]
[EventType "swiss"]
[EventRounds "7"]
[EventCountry "HUN"]
[SourceTitle "EXT 2011"]
[Source "ChessBase"]
[SourceDate "2010.11.26"]
[SourceVersion "1"]
[SourceVersionDate "2010.11.26"]
[SourceQuality "1"]

1. c4 Nf6 2. d4 e6 3. g3 d5 4. Bg2 Bb4+ 5. Bd2 Nc6 6. Bxb4 Nxb4 7. Nf3 0-0 8. 0-0 c6 9. Qa4 a5 10. a3 b5 11. cxb5 cxb5 12. Qb3 Na6 13. Nc3 b4 14. axb4 Nxb4 15. Ne5 Bb7 16. Na4 Ne4 17. Rfc1 f6 18. Nf3 Ba6 19. Qe3 e5 20. dxe5 fxe5 21. Nxe5 Nxf2 22. Nb6 Rb8 23. Nbd7 Ng4 24. Nxg4 Qxd7 25. Qd4 Bxe2 26. Ne5 Qf5 27. Rc7 Qf6 28. Bxd5+ Kh8 29. Rf7 Rxf7 30. Nxf7+ Kg8 31. Ne5+ Kh8 32. Nf7+ Kg8 33. Ng5+ Kh8 34. Nf7+ Kg8 35. Ng5+ 1/2-1/2